Real Sociedad Squad 2020-2021 - Statistics

General Stats
  • This quiz has been taken 35 times
    28 since last reset
  • The average score is 22 of 28
Answer Stats
# Position Nation Player % Correct
19 FW Sweden Alexander Isak
100%
10 FW Spain Mikel Oyarzabal
100%
11 FW Belgium Adnan Januzaj
93%
1 GK Spain Álex Remiro
93%
5 MF Spain Igor Zubeldia
93%
7 FW Spain Portu
93%
12 DF Spain Aihen Muñoz
87%
6 DF Spain Aritz Elustondo
87%
4 MF Spain Asier Illarramendi
87%
21 MF Spain David Silva
87%
2 DF Spain Joseba Zaldua
87%
8 MF Spain Mikel Merino
87%
24 DF Spain Robin Le Normand
87%
9 FW Brazil Willian José
87%
22 FW Spain Ander Barrenetxea
80%
16 MF Spain Ander Guevara
80%
18 DF Spain Andoni Gorosabel
80%
9 FW Spain Carlos Fernández
73%
23 MF Spain Luca Sangalli
73%
36 MF Spain Martín Zubimendi
73%
15 DF Mali Modibo Sagnan
73%
- Coach Spain Imanol Alguacil
67%
13 GK Spain Miguel Ángel Moyá
67%
20 DF Spain Nacho Monreal
67%
14 MF Spain Jon Guridi
60%
28 MF Spain Roberto López
53%
25 FW Spain Jon Bautista
40%
17 FW Spain Martín Merquelanz
40%
No matching quizzes found
Score Distribution
Percent of People with Each Score
Percentile by Number Answered
Your Score History
You have not taken this quiz since the last reset